Vplyv nových energetických štítkov na zmenu spotrebiteľského správania
Informácie umožňujúce zákazníkom zistiť a porovnať akú energetickú účinnosť majú spotrebiče, a tak odhadnúť ich potenciál z hľadiska znižovania nákladov na energiu. Energetické štítkovanie prostredníctvom stanovenia energetických tried prispieva k zmene spotrebiteľského správania smerom k udržateľn...
Enregistré dans:
| Auteur principal: | |
|---|---|
| Format: | Chapitre de livre |
| Langue: | slovaque |
| Sujets: | |
| Tags: |
Pas de tags, Soyez le premier à ajouter un tag!
|
MARC
| LEADER | 00000nla a2200000 4500 | ||
|---|---|---|---|
| 001 | 0213624 | ||
| 005 | 20240502073550.9 | ||
| 041 | 0 | |a slo | |
| 044 | |a SK | ||
| 245 | 1 | 0 | |a Vplyv nových energetických štítkov na zmenu spotrebiteľského správania |c Ľubica Knošková |
| 520 | |a Informácie umožňujúce zákazníkom zistiť a porovnať akú energetickú účinnosť majú spotrebiče, a tak odhadnúť ich potenciál z hľadiska znižovania nákladov na energiu. Energetické štítkovanie prostredníctvom stanovenia energetických tried prispieva k zmene spotrebiteľského správania smerom k udržateľnosti. | ||
| 610 | 2 | 0 | |a kvalita tovaru |
| 610 | 2 | 0 | |a certifikácia |
| 610 | 2 | 0 | |a značky výrobné |
| 610 | 2 | 0 | |a požiadavky na výrobky |
| 610 | 2 | 0 | |a elektronika spotrebná |
| 610 | 2 | 0 | |a úspory energie |
| 610 | 2 | 0 | |a správanie spotrebiteľa |
| 100 | 1 | |a Knošková, Ľubica, 1965- | |